| 000 | 00624nam a22001937a 4500 | ||
|---|---|---|---|
| 008 | 151030b xxu||||| |||| 00| 0 eng d | ||
| 020 | _a13:978-981-4384-16-2; 10:981-4384-16-X | ||
| 082 |
_aDC 150.724 _bM992 |
||
| 100 |
_9200 _aMyers, Anne |
||
| 245 |
_aExperimental psychology/ _cAnne Myers and Christine H. Hansen |
||
| 250 | _aSeventh edition | ||
| 260 |
_aAndover _bCengage Learning _cc2012 |
||
| 300 |
_a549 pages; _c23 cm. |
||
| 500 | _aIncludes bibliographical references and index. | ||
| 650 | 0 |
_9202 _aPsychology, Experimental |
|
| 700 |
_9201 _aHansen, Christine H. |
||
| 365 |
_b1,098.00 _cPHP. |
||
| 942 |
_2ddc _cDC |
||
| 999 |
_c151 _d151 |
||